Prof. G Ram Reddy Library

Impact of e-business technologies on public and private oranizations (Record no. 99093)

MARC details
000 -LEADER
fixed length control field 00580nam a2200193Ia 4500
003 - CONTROL NUMBER IDENTIFIER
control field LDD
008 - FIXED-LENGTH DATA ELEMENTS--GENERAL INFORMATION
fixed length control field 181029s9999 xx 000 0 und d
020 ## - INTERNATIONAL STANDARD BOOK NUMBER
International Standard Book Number 9781609605018
Terms of availability
-- 80.00
040 ## - CATALOGING SOURCE
Transcribing agency LDD
100 ## - MAIN ENTRY--PERSONAL NAME
Personal name Bak, Ozlem
245 #0 - TITLE STATEMENT
Title Impact of e-business technologies on public and private oranizations
Remainder of title industry c
Statement of responsibility, etc. Ozlem Bak
260 ## - PUBLICATION, DISTRIBUTION, ETC.
Place of publication, distribution, etc. Hershey
Name of publisher, distributor, etc. BISR
Date of publication, distribution, etc. 2011
300 ## - PHYSICAL DESCRIPTION
Extent xix, 344p.
365 ## - TRADE PRICE
Price amount
-- 80.00
901 ## - LOCAL DATA ELEMENT A, LDA (RLIN)
a 7729
b 26-09-2011
902 ## - LOCAL DATA ELEMENT B, LDB (RLIN)
a 2477
b 14-10-2011
c F
d THE-BS
e 65
903 ## - LOCAL DATA ELEMENT C, LDC (RLIN)
a Discount-15
b Reqst by : Naval Kishor
942 ## - ADDED ENTRY ELEMENTS (KOHA)
Source of classification or shelving scheme Dewey Decimal Classification
Koha item type Books
Holdings
Withdrawn status Lost status Source of classification or shelving scheme Damaged status Not for loan Home library Current library Total Checkouts Full call number Barcode Date last seen Cost, replacement price Price effective from Koha item type
No   Dewey Decimal Classification     Library and Documentation Division Library and Documentation Division   338.064 Im7 082427 11/01/2018 8830.80 11/01/2018 Books

© Prof. G Ram Reddy Centre Library, Indira Gandhi National Open University, Maidan Garhi, New Delhi, 110068
+91-011-29532797 | FAX+91-011-29533393 |